Exodus /
Pokračování série Havraní bratrstvo, jež je směsicí erotiky, pomsty, tajemství, lží a hledání pravdy.
Uloženo v:
| Série: | Havraní bratrstvo,
část 2 |
|---|---|
| Hlavní autor: | |
| Další autoři: | |
| Médium: | E-kniha |
| Jazyk: | Czech |
| Vydáno: |
Praha :
Dobrovský s.r.o.,
2022
|
| Edice: | Red
|
| Témata: | |
| Příbuzné jednotky: | Z cyklu::
Havraní bratrstvo |
| Tagy: |
Žádné tagy |
| LEADER | 02513nam a2200469 i 4500 | ||
|---|---|---|---|
| 001 | 311634 | ||
| 003 | CZ PrSKC | ||
| 005 | 20260601215709.0 | ||
| 007 | ta | ||
| 008 | 220719s2022 xr e 000 f cze | ||
| 015 | |a cnb003349983 | ||
| 020 | |a 9788027700615 |q (vázáno) | ||
| 035 | |a (OCoLC)1350560116 | ||
| 040 | |a ABG001 |b cze |e rda | ||
| 041 | 1 | |a cze |h eng | |
| 072 | 7 | |a 821.111(73)-3 |x Americká próza |2 Konspekt | |
| 080 | |a 821.111(73)-31 |2 MRF | ||
| 080 | |a (0:82-993) |2 MRF | ||
| 100 | 1 | |a Stewart, Kate |7 xx0266327 |4 aut | |
| 240 | 1 | 0 | |a Exodus. |l Česky |
| 245 | 1 | 0 | |a Exodus / |c Kate Stewart ; z anglického originálu Exodus přeložila Karolína Klibániová |
| 264 | 1 | |a Praha : |b Dobrovský s.r.o., |c 2022 | |
| 300 | |a 493 stran ; |c 21 cm | ||
| 336 | |a text |b txt |2 rdacontent | ||
| 337 | |a bez média |b n |2 rdamedia | ||
| 338 | |a svazek |b nc |2 rdacarrier | ||
| 490 | 1 | |a Red | |
| 500 | |a Na titulní stránce číslo dílu v sérii | ||
| 500 | |a Na rubu titulní stránky uveden chybný název originálu: Flock | ||
| 520 | 2 | |a Pokračování série Havraní bratrstvo, jež je směsicí erotiky, pomsty, tajemství, lží a hledání pravdy. |b Cecílie Hornerová neposlouchala žádná varování a prožila tak pár horkých chvilek s Dominikem a Seanem. Za všechno se ale musí platit. Nyní se vrací do Triple Falls, aby se smířila se svým osudem. Děj se víc soustředí na fungování Havraního bratrstva a odkrývá tajemství z minulosti jednotlivých postav. Cecílie stále tápe ve svých citech, a k tomu navíc poznává tajemného Francouze, který se objevil už v předchozím díle. Francouz Cecílii nesmírně odpuzuje, ale ještě víc ji přitahuje... | |
| 655 | 7 | |a americké romány |7 fd131796 |2 czenas | |
| 655 | 7 | |a erotické romány |7 fd132211 |2 czenas | |
| 655 | 9 | |a American fiction |2 eczenas | |
| 655 | 9 | |a erotic novels |2 eczenas | |
| 700 | 1 | |a Klibániová, Karolína, |d 1995- |7 xx0274953 |4 trl | |
| 787 | 0 | 8 | |i Z cyklu: |t Havraní bratrstvo |g 2 |
| 830 | 0 | |a Red | |
| 900 | |a ABA001 |b 21 | ||
| 044 | |a xr | ||
| 910 | |a RBIT002 | ||
| 998 | |d 358336 |a https://core.palmknihy.cz/api/books/358336/cover?rgqwki |b https://core.palmknihy.cz/api/books/358336/cover/400?rgqwki |c https://core.palmknihy.cz/api/books/358336/cover/50?rgqwki |e 2030-10-31 |g 496 |i 9788027700615 |j https://core.palmknihy.cz/api/books/358336/preview.epub |k https://core.palmknihy.cz/api/books/358336/preview.pdf |l |q 49 |r 1 |s https://www.palmknihy.cz/kniha/358336 |t ebook |y 2022 |z 0 |v Havraní bratrstvo |w 2 | ||
| 999 | |d 311632 | ||